| 000 | 00460nam a2200157 a 4500 | ||
|---|---|---|---|
| 005 | 20140414132124.0 | ||
| 008 | 130215s19uu xx 00 eng d | ||
| 020 | _a9780717205424 (set) | ||
| 050 |
_aREF 031 _bNe532 2008 Vol.6(F) |
||
| 245 |
_aNew book of knowledge (The): _bVolume 6(F). |
||
| 260 |
_aDanbury, Connecticut : _bScholastic Inc, _c2008. |
||
| 300 | _a553p. | ||
| 500 | _aWith colorful illustrations. | ||
| 650 | _aEncylopedia. | ||
| 999 |
_c115171 _d115171 |
||